Kurýr z planety Země /

Dobrodružný sci-fi příběh o jediném Pozemšťanovi na intergalaktickém úřadě, který nechtěně zaplete Zemi do nebezpečného spiknutí.

Uloženo v:
Hlavní autor: Smolíková, Klára, 1974- (Autor)
Další autoři: Hanschild, Martin, 1982- (Autor), Kopl, Petr, 1976- (Ilustrátor)
Médium: Kniha
Jazyk:Czech
Vydáno: Pardubice : Plivníci, 2026
Vydání:Vydání první
Témata:
Celkem bylo vypůjčeno:0x
Tagy:
Žádné tagy
LEADER 02732nam a2200493 i 4500
001 106668
003 CZ PrNK
005 20260630073848.0
007 ta
008 260527s2026 xr a c 6 000 1 cze
015 |a cnb003756317 
020 |a 9788090931527  |q (vázáno) 
040 |a ABG001  |b cze  |e rda 
072 7 |a 741.52  |x Komiksy. Komiksové adaptace  |2 Konspekt  |9 21 
072 7 |a 821-93  |x Literatura pro děti a mládež (beletrie)  |2 Konspekt  |9 26 
080 |a 741.52(0:82-321.3)  |2 MRF 
080 |a 741.52(0:82-321.9)  |2 MRF 
080 |a 821-93  |2 MRF 
100 1 |a Smolíková, Klára,  |d 1974-  |7 mzk2004221717  |4 aut  |9 23245 
245 1 0 |a Kurýr z planety Země /  |c Klára Smolíková, Martin Hanschild 
250 |a Vydání první 
264 1 |a Pardubice :  |b Plivníci,  |c 2026 
300 |a 112 stran :  |b barevné ilustrace ;  |c 24 cm 
336 |a text  |b txt  |2 rdacontent 
336 |a statický obraz  |b sti  |2 rdacontent 
337 |a bez média  |b n  |2 rdamedia 
338 |a svazek  |b nc  |2 rdacarrier 
500 |a "Scénář: Klára Smolíková ; kresba a barvy: Martin Hanschild"--Rub titulního listu 
505 2 0 |t Za hranou možností /  |r scénář Klára Smolíková ; kresba Petr Kopl 
520 2 |a Dobrodružný sci-fi příběh o jediném Pozemšťanovi na intergalaktickém úřadě, který nechtěně zaplete Zemi do nebezpečného spiknutí.  |b Jediný Pozemšťan na Intergalaktickém srovnávacím úřadu zpacká převzetí podezřelé zásilky, na níž závisí osud Země. Pro kosmické gildy jsou pozemské trable pod rozlišovací úroveň, a tak Nori Postbud Tarván musí ochránit robotického kurýra a rozplést spiknutí. Místo pohodlného křesla v první třídě na lodi Unie úmluvy se kodrcá vesmírem jako černý pasažér v nákladových prostorech, v nouzové kapsli i ve vraku určeném k sešrotování. Musí najít spojence, sehnat tesserity a vyplatit zadluženou planetu dřív, než exekutoři utáhnou smyčku. Nakladatelská anotace. Kráceno. 
521 8 |a Pro čtenáře od 10 let 
655 7 |a akční a dobrodružné komiksy  |7 fd1057471  |2 czenas 
655 7 |a sci-fi komiksy  |7 fd1057483  |2 czenas 
655 7 |a publikace pro děti  |7 fd133156  |2 czenas  |9 23 
655 9 |a action and adventure comics  |2 eczenas 
655 9 |a science fiction comics  |2 eczenas 
655 9 |a children's literature  |2 eczenas 
700 1 |a Hanschild, Martin,  |d 1982-  |7 xx0248951  |4 ill  |9 114779 
700 1 |a Kopl, Petr,  |d 1976-  |7 jx20080407021  |4 ill  |9 17706 
710 2 |a Nakladatelství Plivníci  |7 xx0346152  |4 pbl  |9 117525 
910 |a UOG502 
942 |2 ddc  |c KN 
999 |d 106668 
993 |0 0  |1 421180107392  |2 ddc  |4 0  |7 0  |9 100163  |b 0  |c 107392  |d 2026-06-30  |e 0  |f M  |h 350.00  |i Koupě  |l M  |r 2026-06-30  |t 8  |w 2026-06-30  |y KN  |z KOMIKS  |n